| 000 | 00788nam a2200217 a 4500 | ||
|---|---|---|---|
| 001 | 000034775 | ||
| 005 | 20200930073909.0 | ||
| 008 | 111019s1969 ag 000 0 spa d | ||
| 040 |
_aDO-SdBNP _bspa _cBNPHU |
||
| 082 |
_axxxx _bS714t |
||
| 100 | 1 |
_aSorokin, Pitirim A. _947834 |
|
| 240 | 1 | 4 |
_aThe basic trends of our times _lEspañol |
| 245 | 1 | 0 |
_aTendencias basicas de nuestro tiempo / _cPitirim A. Sorokin ; traductor Horacio Laurora. |
| 260 |
_aBuenos Aires : _bLa Pleyade, _c1969. |
||
| 300 |
_a223 p. ; _c18 cm. |
||
| 500 | _aTraducido del inglés. | ||
| 504 | _aIncluye referencias bibliografías y notas al pie de las páginas. | ||
| 590 | _aPerteneció a la biblioteca personal de Juan Isidro Jimenes Grullón. | ||
| 700 | 1 | 2 |
_aLaurora, Horacio, _etrad. _940131 |
| 049 | _aBNGR | ||
| 999 |
_c34266 _d34266 |
||